Statistics for New Zealand Rugby All Blacks - Most Quiz

Click here to take the quiz!

General Stats

  • This quiz has been taken 625 times
    (57 since last reset)
  • The average score is 13 of 20

Answer Stats

Most Number Player % Correct
Conversions293Daniel Carter
98%
Penalty Goals281Daniel Carter
98%
Points1598Daniel Carter
98%
Tests148Richard McCaw
94%
Wins131Richard McCaw
94%
Most Tries vs Australia (1st equal)11Richard McCaw
94%
Most Tries vs England (1st Equal)8Jonah Lomu
83%
Tries in World Cups15Jonah Lomu
83%
Most Tries vs England (1st Equal)8Julian Savea
69%
Tries49Douglas Howlett
59%
Yellow Cards5Kieran Read
57%
Most Tries vs Australia (1st equal)11Ma'a Nonu
57%
Most Tries vs Australia (1st equal)11Beauden Barrett
56%
Dropped Goals10Andrew Mehrtens
44%
Losses (1st equal)19Andrew Mehrtens
44%
Most Tries vs South Africa10Christian Cullen
44%
Tries in a test6Marc Ellis
37%
Most Tries vs France8Joe Rokocoko
31%
Points in a test45Simon Culhane
28%
Losses (1st equal)19Justin Marshall
26%

Score Distribution

Percentile by Number Answered

Percent of People with Each Score

Your Score History

You have not taken this quiz since the last reset